Zgadnij celebrytę po zdjęciu #8 - Statystyki

Ogólne statystyki
  • Ten quiz został rozwiązany 42 razy
  • Średni wynik to 5 z 16
Statystyki odpowiedzi
Obrazkowy Odpowiedź % Poprawnych
Robert Downey Jr
83%
Anthony Hopkins
49%
Dakota Johnson
49%
Antonio Banderas
43%
Mark Ruffalo
43%
Paul Rudd
37%
Madelyn Cline
31%
Paul Weasley
31%
Liam Neeson
29%
Jeremy Renner
26%
Rudy Pankow
26%
Ian Somerhalder
23%
Lily Collins
23%
Drew Starkey
17%
Theo James
14%
Kaya Scodelario
9%
Nie znaleziono quizów pasujących do podanych kryteriów
Rozkład punktacji
Procent ludzi z każdym wynikiem
Percentyl według liczby udzielonych odpowiedzi
Twoja historia wyników
Nie rozwiązałeś tego quizu